000 00403nam a2200133Ia 4500
008 210210b1979 xxu||||| |||| 00| 0 eng d
082 _a307.3 INDS
100 _aIndian Institute of Public Administration.
245 _aSlum clearance and improvement. (papers of the seminar).
260 _aNew Delhi.
_bCentre for Urban Studies, IIPA.,
_c1979
300 _axii,151
690 _aSlums
906 _a034004
999 _c84934
_d84934